Bahía Blanca : bibliografía general /
Guardado en:
| Autor Principal: | |
|---|---|
| Formato: | Libro |
| Idioma: | Spanish |
| Publicado: |
Bahía Blanca,
1968.
|
| Materias: | |
| Etiquetas: |
Agregar Etiqueta
Sin Etiquetas, Sea el primero en etiquetar este registro!
|
| LEADER | 00681nam a22001815a 4500 | ||
|---|---|---|---|
| 001 | EUN.um064021 | ||
| 008 | 041125s1968####ag############000#0#spa#d | ||
| 005 | 20100629135553.0 | ||
| 245 | 1 | 0 | |a Bahía Blanca : |b bibliografía general / |c Modesto Castañón. |
| 260 | |a Bahía Blanca, |c 1968. | ||
| 773 | 0 | |t Junta de Estudios Históricos de Bahía Blanca. |g v. 2, n° 2. | |
| 100 | 1 | |a Castañón, Modesto. | |
| 082 | 0 | 4 | |a 016.9821 |
| 650 | 7 | |a Bibliografías. |2 unbist | |
| 651 | 0 | |a Bahía Blanca (Argentina) | |
| 653 | |a Bahía Blanca | ||
| 859 | |a Ar-BaUNS |b BIB. CENTRAL - Sector C |h 982.1016 |i C275 |p 53252/969 |v v.2 |3 v.2 | ||
| 859 | |a Ar-BaUNS |b BIB. CENTRAL - Sector C |h 982.1016 |i C275 |p 92138/985 |t Ej.2 |v v.2 |3 v.2 | ||
